000 00340 a2200157 4500
001 144051
040 _cLeonardo Da Vinci
041 _aPortuguês
082 _a398.2 M67
_bM67
245 _aMITOLOGIA
260 _bAbril Cultural
_c1973
_aSão Paulo
362 _a19730000
490 _vv. 3
697 _aMitologia grega
942 _cBK
999 _c144051
_d144051